Trainee Therapists Experiences in Disengagement in Therapy/An Interpretative Phenomenological Analysis (Record no. 8490)
[ view plain ]
| 000 -LEADER | |
|---|---|
| fixed length control field | 01490cam a22001934a 4500 |
| 005 - ΗΜΕΡΟΜΗΝΙΑ ΚΑΙ ΩΡΑ ΤΕΛΕΥΤΑΙΑΣ ΕΝΗΜΕΡΩΣΗΣ | |
| Πεδίο ελέγχου | 20250605164337.0 |
| 008 - FIXED-LENGTH DATA ELEMENTS--GENERAL INFORMATION | |
| Πεδίο ελέγχου σταθερού μήκους | 250528s ||||||||||||||||||||||||d |
| 035 ## - SYSTEM CONTROL NUMBER | |
| System control number | 23480 |
| 040 ## - ΠΗΓΗ ΚΑΤΑΛΟΓΟΓΡΑΦΗΣΗΣ | |
| Φορέας πρωτότυπης καταλογογράφησης | MC Athens Campus Library |
| Γλώσσα καταλογογράφησης | Ελληνικά, Μοντέρνα (1453-) |
| Modifying agency | MC Athens Campus Library |
| Κανόνες περιγραφικής καταλογογράφησης | AACR2 |
| 245 1# - ΤΙΤΛΟΣ ΚΑΙ ΔΗΛΩΣΗ ΥΠΕΥΘΥΝΟΤΗΤΑΣ | |
| Τίτλος | Trainee Therapists Experiences in Disengagement in Therapy/An Interpretative Phenomenological Analysis |
| 260 ## - PUBLICATION, DISTRIBUTION, ETC. | |
| Date of publication, distribution, etc. | 2017 |
| 300 ## - PHYSICAL DESCRIPTION | |
| Extent | 15 |
| 520 ## - SUMMARY, ETC. | |
| Summary, etc. | Introduction, Conceptualisation of Disengagement in Psychotherapy, Experiencing Disengagement in the Therapeutic Relationship, a Critical Literature Review on Disengagement from the Perspective of Psychodynamic Therapy (PT), Person - Centred (PCT) and Cognitive Behavioural Therapy (CBT), the Transtheoretical Model (TTM), Empirical Research on Disengagement in Therapy, Rationale of the Current Study, Methodology, Design, Addressing the Philosophical Stance of Qualitative Research, Interpretative Phenomenological Analysis (IPA), Personal and Epistemological Reflexivity, Trustworthiness and Validity, Participants and Sample, Interview Procedure, Data Collection, Ethical Considerations, Analytic Strategy, Analysis, Findings, First Super - Ordinate Theme: a Disengeged Self, Second Super - Ordinate Theme: Disengagement as an Interpersonal Phenomenon, Third Super - Ordinate Theme: Focus on the Impact of Disengagement in Therapy, Discussion, References Appendix. |
| 700 1# - ΠΡΟΣΘΕΤΗ ΑΝΑΓΡΑΦΗ--ΦΥΣΙΚΟ ΠΡΟΣΩΠΟ | |
| Personal name | Loupou Eleni |
| 9 (RLIN) | 9045 |
| 700 1# - ΠΡΟΣΘΕΤΗ ΑΝΑΓΡΑΦΗ--ΦΥΣΙΚΟ ΠΡΟΣΩΠΟ | |
| Personal name | Svana Stavroula |
| 9 (RLIN) | 9041 |
| 942 ## - ADDED ENTRY ELEMENTS (KOHA) | |
| Koha item type | Διπλωματική εργασία |
| Τύπος τεκμηρίου | Βιβλιοθήκη | Τρέχουσα τοποθεσία | Barcode | Ημερομηνία απόκτησης | Ταξιθετικό σύμβολο | Αριθμός αντιτύπου | Κατάσταση απόσυρσης | Κατάσταση χαμένου | Κατάσταση κατεστραμμένου | Μη δανεισμός | Σύνολο δανεισμών | Ημερομηνία τελευταίας εμφάνισης | Η τιμή ισχύει από |
|---|---|---|---|---|---|---|---|---|---|---|---|---|---|
| Διπλωματική εργασία | MC Athens Campus Library | MC Athens Campus Library | 9780000084897 | 05/06/2025 | PSY 2017 (52) | 1 | 05/06/2025 | 05/06/2025 |